000 01037nam a22002657a 4500
005 20141017102207.0
008 070212s2007 nyuab be 001 0 eng
020 _a9780071441438
024 0 _ceng
080 _a168.53
_x(031)
245 0 0 _aMcGraw-Hill encyclopedia of science & technology.
246 3 0 _aEncyclopedia of science & technology
246 3 _aMcGraw-Hill encyclopedia of science and technology
246 3 _aEncyclopedia of science and technology
250 _a10th ed.
260 _aNew York :
_bMcGraw-Hill,
_cc2007.
300 _a20 v. :
_bme il.;
_c28 cm.
504 _aIncludes bibliographical references and index.
650 0 _aShkencat e Aplikuara
650 0 _aEncikopedi
856 4 1 _3Table of contents only
_uhttp://www.loc.gov/catdir/toc/ecip0710/2007006137.html
856 4 2 _3Contributor biographical information
_uhttp://www.loc.gov/catdir/enhancements/fy0801/2007006137-b.html
856 4 2 _3Publisher description
_uhttp://www.loc.gov/catdir/enhancements/fy0801/2007006137-d.html
942 _2udc
_cBK
999 _c531
_d531